000 00810nam a22001935i 4500
001 167098
003 ES-MaACL
005 20231229063054.0
008 020118s1841 sp |||| | spa d
040 _aLR
_bspa
_cLR
100 1 _aVega, Ventura de la,
_d1807-1865
_9113584
245 1 3 _aEl hombre mas feo de Francia
_b: drama cómico en cuatro actos /
_ctraducido y arreglado por Ventura de la Vega.
260 _aMadrid :
_b[Manuel Delgado],
_c1841 (
_fimp. de Yenes)
300 _a56 p. ;
_c18 cm.
490 1 _aGalería Dramática
830 0 _aGalería Dramática
_9186796
852 _aES-MaACL
_jF-8607(4)
_z-- Enc. pasta española
_z-- Enc. en un vol. facticio formando parte de la col. facticia "Teatro español moderno", vol. 62
_q.- Falto de la cub. original
999 _c167098
_d167098